Spotlight on British Theatre /

محفوظ في:
التفاصيل البيبلوغرافية
المؤلف الرئيسي: King, Jan
التنسيق: Sách giấy
اللغة:English
منشور في: London : Cassell , 1984
الوسوم: إضافة وسم
لا توجد وسوم, كن أول من يضع وسما على هذه التسجيلة!
Thư viện lưu trữ: Thư viện Trường Đại học Đà Lạt
LEADER 00521nam a2200241 4500
001 DLU020018210
005 ##7/2/2001
020 # # |a 978- 
041 # # |a eng 
082 # # |a 428  |b KI-L 
100 # # |a King, Jan 
245 # # |a Spotlight on British Theatre /  |c Jan King 
260 # # |a London :  |b Cassell ,  |c 1984 
300 # # |a 90 tr.;   |c 19 cm. 
992 # # |a 0 
994 # # |a DLU 
900 # # |a False 
911 # # |a Administrator 
925 # # |a G 
926 # # |a A 
927 # # |a SH 
980 # # |a Thư viện Trường Đại học Đà Lạt